Thạch Lam - Về tác gia và tác phẩm

Tập hợp những bài phê bình, nghiên cứu về cuộc đời và đánh giá khái quát sự nghiệp văn chương của nhà văn Thạch Lam

Spremljeno u:
Bibliografski detalji
Daljnji autori: Nguyễn Tuân (Tác giả), Dương Nghiễm Mậu (Tác giả), Phạm Thế Ngũ (Tác giả), Đing Quang Tốn (Tác giả)
Format: Knjiga
Jezik:Vietnamese
Izdano: H. Giáo dục 2001
Teme:
Oznake: Dodaj oznaku
Bez oznaka, Budi prvi tko označuje ovaj zapis!
Thư viện lưu trữ: Mạng thư viện Đại học Đà Nẵng
LEADER 01238nam a2200373 4500
001 000014166
003 10523
005 20120405160405.0
008 120405s2001 viesd
020 |c 42000 
041 0 |a vie 
082 |a 895.9223  |b TH-L 
245 0 |a Thạch Lam - Về tác gia và tác phẩm  |c Vũ Tuấn Anh, Lê Dục Tú tuyển chọn và giới thiệu. 
260 |a H.  |b Giáo dục  |c 2001 
300 |a 491 tr  |c 24 cm 
500 |a Thư mục: tr. 481-487 
520 |a Tập hợp những bài phê bình, nghiên cứu về cuộc đời và đánh giá khái quát sự nghiệp văn chương của nhà văn Thạch Lam 
653 |a Văn học Việt Nam 
653 |a Thạch Lam 
653 |a Nhà văn 
653 |a Văn học hiện đại 
700 |a Nguyễn Tuân  |e Tác giả 
700 |a Dương Nghiễm Mậu  |e Tác giả 
700 |a Phạm Thế Ngũ  |e Tác giả 
700 |a Đing Quang Tốn  |e Tác giả 
910 |a Nguyễn Thị Kim Oanh  |d 18/ 07/ 2011 
OWN |a LSP 
999 |a From the UDN01 
TYP |a Monograph 
TYP |a Printed language 
980 |a Mạng thư viện Đại học Đà Nẵng